Les domestiques dans les romans d'Agatha Christie - Les hommes - Statistiques

Statistiques générales
  • Ce quiz a été pris 5 fois
  • Le résultat moyen est 53 sur 101
Statistiques - réponses
Réponse % Correct
La mystérieuse affaire de style Femme de chambre (prénom) A**ie Annie
100%
N ou M ? Femme de chambre (prénom) B**tr*c* Béatrice
100%
Le chat et les pigeons Jardinier Br*ggs Briggs
100%
Cinq petits cochons Gouvernante C*c*l** W*ll**ms Cecilia Williams
100%
Cinq heures vingt-cing Ancien jardinier C*rt*s Curtis
100%
Hercule Poirot quitte la scène Valet de Poirot C*rt*ss Curtiss
100%
La maison du péril Femme de ménage (prénom) E**e* Ellen
100%
Une poignée de seigle Femme de chambre E**e* C*rt*s Ellen Curtis
100%
Je ne suis pas coupable Gardien *phr**m G*rr*rd Ephraïm Gerrard
100%
L'affaire Protheroe Aide-cuisinière (prénom) Gl*dd** Gladdie
100%
Le flux et le reflux Femme de chambre (prénom) Gl*d*s Gladys
100%
Les sept cadrans Jardinier M*c*d*n*ld MacDonald
100%
La mystérieuse affaire de style Jardinier M*nn*ng Manning
100%
La dernière énigme Ancien jardinier *a**i** Manning
100%
Un cadavre dans la bibliothèque Bonne (prénom) M*r* Mary
100%
Le miroir se brisa Aide à domicile Miss Kn*ght Miss Knight
100%
Le Vallon Femme de chambre Miss S*mm*ns Miss Simmons
100%
L'heure zéro Femme de chambre Mme B*rr*tt Mme Barrett
100%
L'affaire Protheroe Gardienne Mme *i**o** Mme Simmons
100%
L'heure zéro Femme de chambre Mme Sp*c*r Mme Spicer
100%
Le chat et les pigeons Cuisinière Mrs G*bb*ns Mrs Gibbons
100%
L'affaire Protheroe Bonne (prénom) R*s* Rose
100%
Les sept cadrans Valet de chambre St*v*ns Stevens
100%
Dix petits nègres (Ils étaient dix) Domestique Th*m*s R*g*rs Thomas Rogers
100%
Les sept cadrans Majordome Tr*dw*ll Tredwell
100%
Le cheval pâle Cuisinière (prénom) B*ll* Bella
75%
Le miroir se brisa Femme de ménage Ch*rr* B*k*r Cherry Baker
75%
Une poignée de seigle Majordome Cr*mp Crump
75%
La mystérieuse affaire de style Femme de chambre (prénom) D*rc*s Dorcas
75%
Pourquoi pas Evans ? Ancienne femme de ménage Gl*d*s R*b*rts Gladys Roberts
75%
Le Vallon Majordome G*dg**n Gudgeon
75%
Les indiscrétions d'Hercule Poirot Majordome L*nsc*mb* Lanscombe
75%
Un cadavre dans la bibliothèque Majordome L*rr*m*r Lorrimer
75%
Les indiscrétions d'Hercule Poirot Cuisinière (prénom) M*rj*r** Marjorie
75%
Une poignée de seigle Gouvernante M*r* D*v* Mary Dove
75%
L'affaire Protheroe Bonne M*r* H*lls Mary Hills
75%
Témoin muet Gouvernante Miss L*ws*n Miss Lawson
75%
La dernière énigme Cuisinière Mme C*ck*r Mme Cocker
75%
Une poignée de seigle Cuisinière Mme **u** Mme Crump
75%
Les indiscrétions d'Hercule Poirot Femme de charge Mme J*cks Mme Jacks
75%
Le meurtre de Roger Ackroyd Majordome P*rk*r Parker
75%
Pourquoi pas Evans ? Ancienne cuisinière R*s* Pr*tt Rose Pratt
75%
La plume empoisonnée Femme de chambre *gn*s W*dd*ll Agnes Woddell
50%
Un, deux, trois Groom (prénom) A***e* Alfred
50%
Le crime du golf Servente D*n*s* **l*rd Denise Oulard
50%
La mystérieuse affaire de style Jardinier **rl Earl
50%
Le meurtre de Roger Ackroyd Gouvernante E*i*a*e** *u**e** Elizabeth Russell
50%
Le couteau sur la nuque Servante (prénom) *ll*s Ellis
50%
La mystérieuse affaire de style Dame de compagnie E*e*y* *o*a** Evelyn Howard
50%
La dernière énigme Jardinier F*ste* Foster
50%
Le crime du golf Servante Fr*nç**s* *rr*ch*t Françoise Arrichet
50%
Pension Vanilos Cuisinier (prénom) G*r*n*m* Geronimo
50%
Une poignée de seigle Femme de ménage Gl*d*s M*rt*n Gladys Martin
50%
Le crime du golf Servante *éo*ie Ou*a** Léonie Oulard
50%
Mort sur le Nil Femme de chambre *oui*e *ou**e* Louise Bourget
50%
Le train de 16h50 Gouvernante L*c* ***l*sb*rr*w Lucy Eyelesbarrow
50%
La mort dans les nuages Femme de chambre (prénom) M*d*l**n* Madeleine
50%
Rendez-vous avec la mort Serviteur bédouin M*hm**d Mahmoud
50%
Le crime de l'Orient express Gouvernante M*r* D*b*nh*m Mary Debenham
50%
Une mémoire d'éléphant Ancienne nourrice Mme M*tch*m Mme Matcham
50%
Un meurtre sera commis le... Jardinière Ph*l*pp* H**m*s Philippa Haymes
50%
Le meurtre de Roger Ackroyd Femme de chambre U**u*a *ou**e Ursula Bourne
50%
Cinq heures vingt-cing Domestique indien A**u* Abdul
25%
Le chat et les pigeons Faux jardinier *d*m G**dm*n Adam Goodman
25%
Un meurtre est-il facile ? Femme de chambre A*y *i**s Amy Gibbs
25%
Le crime du golf Jardinier Au*u**e Auguste
25%
Mort sur le Nil Maître d'hôtel B*rnst*pl* Barnstaple
25%
Les sept cadrans Valet de pied B***r Bauer
25%
Le Vallon Fille de cuisine D*r*s *mm*tt Doris Emmott
25%
Un cadavre dans la bibliothèque Maître d'hôtel (prénom) E**a** Edward
25%
Le crime de l'Orient express Valet de chambre E**a** *a**e**a* Edward Masterman
25%
Dix petits nègres (Ils étaient dix) Domestique E**e* *o*e** Ethel Rogers
25%
Poirot joue le jeu Majordome H*nd*l Hendel
25%
Le crime de l'Orient express Gouvernante *i**e*a**e ****i** Hildegarde Schmidt
25%
Le Noël d'Hercule Poirot Domestique H*rb*r* Horbury
25%
L'heure zéro Maître d'hôtel H*rst*ll Hurstall
25%
Le cheval à bascule Jardinier (prénom) *s**c Isaac
25%
La maison biscornue Nourrice J*n*t R*w* Janet Rowe
25%
L'heure zéro Dame de compagnie *a*y A**i* Mary Aldin
25%
Une mémoire d'éléphant Ancienne gouvernante Mlle R**s*ll* Mlle Rouselle
25%
Le Vallon Cuisinière Mme M*dw** Mme Medway
25%
La fête du potiron Fille au pair O**a *e*i*ov Olga Seminov
25%
Le Noël d'Hercule Poirot Majordome **e**i*ia* Tressilian
25%
Le train bleu Femme de chambre A*a *éa**i* *a*o* *Ii****o* Ada Béatrix Mason Kinghton
0%
Un, deux, trois Femme de chambre A**è* **e***e* Agnès Fletcher
0%
Pourquoi pas Evans ? Ancien jardinier A**e** *e*e Albert Mere
0%
Le couteau sur la nuque Domestique A**o* Alton
0%
N ou M ? Homme à tout faire A***e*o*e Appledore
0%
Le secret de Chimneys Valet B*r*s *nch**k*ff Boris Anchoukoff
0%
La dernière énigme Ancienne cuisinière E*i** *a*e** Edith Pagett
0%
Le flux et le reflux Femme de chambre Ei*ee* *o**i*a* Eileen Corrigan
0%
La plume empoisonnée Gouvernante E**ie *o**a** Elsie Holland
0%
Je ne suis pas coupable Gouvernante E**a *i**o* Emma Bishop
0%
Témoin indésirable Gouvernante *i***e* *i****o** Kirsten Lindstorm
0%
Le Vallon Majordome *e*i* Lewis
0%
Pension Vanilos Cuisinière (prénom) M*r** Maria
0%
Les indiscrétions d'Hercule Poirot Dame de compagnie Miss *i****I** Miss Gilchrist
0%
L'heure zéro Femme de chambre Mme *e***a* Mme Bentham
0%
Une mémoire d'éléphant Ancienne gouvernante Mme M**r*t Mme Maurat
0%
Une mémoire d'éléphant Ancienne femme de ménage Mme R*s*nt*ll* Mme Rosentelle
0%
Le Vallon Ancien chef-jardinier Tr*ml*t Tremlet
0%
Aucun quiz correspondant
Distribution des résultats
% des personnes avec chaque résultat
Percentile par nombre de réponses
Votre historique - résultats
Vous n’avez pas pris ce quiz